000 00454nam a2200145 a 4500
001 000039505
005 20240306073910.0
008 130704s1940 br 000 0 spa d
040 _aDO-SdBNP
_bspa
_cBNPHU
100 1 _aMartí, José,
_d1853-1895
_9645
245 1 0 _aPáginas escolhidas /
_cJosé Martí ; traducido por Sílvio Julio.
260 _aRío de Janeiro, :
_bAlba,
_c1940.
300 _a110 p. ;
_c20 cm.
700 1 _aJulio, Sílvio,
_etrad.
_965690
999 _c38995
_d38995